Statistics for Australia map quiz

Click here to take the quiz!

General Stats

  • This quiz has been taken 14 times
    (12 since last reset)
  • The average score is 5 of 13

Answers on the Map

Answers color-coded by a green-red scale on the quiz's map according to % correct below.
 

Answer Stats

Answer% Correct
Australia
90%
Papua New
Guinea
80%
New Zealand
70%
Federated
States of
Micronesia
40%
Fiji
40%
Kiribati
30%
Marshall
Islands
20%
Nauru
20%
Palau
20%
Solomon
Islands
20%
Samoa
10%
Tonga
10%
Tuvalu
10%

Score Distribution

Percentile by Number Answered

Percent of People with Each Score

Your Score History

You have not taken this quiz since the last reset